000 00991nam a2200277 4500
001 179029
003 ES-MaACL
005 20250731070137.0
008 110823s2009 sp |||| | spa d
020 _a978-84-245-1180-7
080 _a821.134.2-31.09"19"
080 _a316.7:821.134.2"19/20"
100 1 _aUrioste-Azcorra, Carmen.
_9147701
245 1 0 _aNovela y sociedad en la España contemporánea
_b: (1994-2009) /
_cCarmen de Urioste Azcorra.
250 _a1ª ed.
260 _aMadrid :
_bFundamentos,
_c2009.
300 _a251 p. ;
_c21 cm.
490 1 _aEspiral hispano-americana ;
_v60
504 _aBibliografía: p. 225-251.
650 0 4 _aNovela española-
_yS.XX-
_xHistoria y crítica
_915617
650 7 _aLiteratura y sociedad-
_zEspaña.
_914680
830 0 _aEspiral hispano-americana ;
_v60
_9179379
852 _aES-MaACL
_jA-11423
_9185898
_bR.145884
_cDEPO1
_dOlim: N-4427
942 _2udc
_cMONOGRAFIA
999 _c179029
_d179029